| 000 | 00773nam a2200253 i 4500 | ||
|---|---|---|---|
| 001 | bg | ||
| 100 | 1 | _aREICHARD, Kevin | |
| 245 | 1 | 0 |
_aUNIX - programy shareware i freeware / _cKevin Reichard ; z ang. przeĊ. Monika Jurkiewicz. |
| 246 |
_iTyt. oryg.: _aUNIX fundamentals : Unix shareware and freeware |
||
| 260 |
_aWarszawa : _b"Mikom", _c1996. |
||
| 300 |
_a178 s. : _brys. ; _c24 cm. |
||
| 490 | 1 | _aPodstawy Systemu UNIX | |
| 500 | _aOryg. : "UNIX fundamentals : Unix shareware and freeware". | ||
| 504 | _aIndeks. | ||
| 630 | 0 | 9 | _aUNIX |
| 830 | _aPodstawy Systemu UNIX | ||
| 020 | _a837158007X | ||
| 040 | _cBPK | ||
| 041 | 1 |
_apl _henen |
|
| 080 | _a681.322.066UNIX | ||
| 920 | _a83-7158-007-X | ||
| 942 | _cKS | ||
| 008 | s pl f |000 0 pol | ||
| 999 |
_c32060 _d32060 |
||
| 856 |
_uhttp://koha.tu.koszalin.pl/cgi-bin/koha/opac-detail.pl?biblionumber=32060 _yKatalog online BPK |
||